تحميل...

Divyasangamam

التفاصيل البيبلوغرافية
المؤلف الرئيسي: Aravindaksha Menon; Author
التنسيق: Printed Book
منشور في: Muringoor, Divine Printers and Publishers 1996
الموضوعات:
LEADER 005160000a22001690004500
040 |a MAL 
082 |a 232.9 32N61 
100 |a Aravindaksha Menon; Author 
245 |a Divyasangamam 
260 |a Muringoor, Divine Printers and Publishers 
260 |c 1996 
460 |a 61p 
465 |a Rs.15.00 
500 |a Aravindaksha Menon 
650 |a Jesus Christ 
999 |c 44720  |d 44720 
952 |0 0  |1 0  |4 0  |6 232_900000000000000_32N61  |7 0  |8 MAL  |9 45415  |a MGUL  |b MGUL  |d 2013-07-16  |e Rs.15.00  |l 0  |o 232.9 32N61  |p G01954  |r 2013-07-16  |w 2013-07-16  |y BK